[Event "Lleida-ch"]
[Site "Bellcaire"]
[Date "2016.11.27"]
[Round "9"]
[White "Cardona Marin, Wilson"]
[Black "Biosca Lacasa, Jordi"]
[Result "1-0"]
[WhiteElo "1791"]
[BlackElo "1889"]
[PlyCount "103"]
[EventDate "2016.10.02"]
[EventType "swiss"]
[EventRounds "9"]
[EventCountry "ESP"]
[SourceTitle "EXT 2018"]
[Source "ChessBase"]
[SourceDate "2017.10.13"]
[SourceVersion "1"]
[SourceVersionDate "2017.10.13"]
[SourceQuality "1"]

1. d4 d5 2. Bf4 Nf6 3. e3 Bf5 4. Bd3 e6 5. Nf3 c6 6. Nbd2 Nbd7 7. Qe2 Qa5 8. 0-0 Ne4 9. Nb3 Qb6 10. c4 dxc4 11. Bxc4 Be7 12. h3 h6 13. Rac1 0-0 14. Ne5 Nxe5 15. Bxe5 Bd6 16. Bxd6 Nxd6 17. Nc5 Rfd8 18. b3 Nxc4 19. bxc4 Qc7 20. e4 Bg6 21. Qe3 b6 22. Nb3 Qe7 23. Nd2 Rd7 24. Nf3 f6 25. c5 b5 26. a4 a6 27. Ra1 b4 28. a5 e5 29. dxe5 fxe5 30. Qb3+ Bf7 31. Qxb4 Rb7 32. Qc3 Rb5 33. Rfc1 Re8 34. Nd2 Rd8 35. Rc2 Rdb8 36. Rac1 Rb4 37. Qd3 R8b5 38. Qd6 Qe8 39. Ra1 Rb7 40. Qd3 R7b5 41. f3 Qe7 42. Qd6 Qe8 43. Nf1 Rb7 44. Rd2 R7b5 45. Ne3 Rb1+ 46. Rxb1 Rxb1+ 47. Kf2 Rb5 48. Nf5 Rb7 49. Qd8 Rb5 50. Qxe8+ Bxe8 51. Rd8 Kf8 52. Nd6 1-0

[Event "Lleida-ch B"]
[Site "La Guardia"]
[Date "2015.10.11"]
[Round "3.1"]
[White "Alferez Valls, Ramon"]
[Black "Cardona Marin, Wilson"]
[Result "1/2-1/2"]
[WhiteElo "1814"]
[BlackElo "1995"]
[PlyCount "111"]
[EventDate "2015.09.27"]
[EventType "swiss"]
[EventRounds "9"]
[EventCountry "ESP"]
[SourceTitle "EXT 2024"]
[Source "ChessBase"]
[SourceDate "2023.10.10"]
[SourceVersion "1"]
[SourceVersionDate "2023.10.10"]
[SourceQuality "1"]

1. d4 Nf6 2. c4 e6 3. Nc3 d5 4. Bg5 Be7 5. cxd5 exd5 6. e3 a6 7. Qc2 Be6 8. Nf3 Nbd7 9. Bd3 Bd6 10. e4 dxe4 11. Nxe4 Be7 12. 0-0 h6 13. Bf4 Nd5 14. Bd2 N7f6 15. Nc5 Bxc5 16. Qxc5 Qd6 17. Qxd6 cxd6 18. a3 0-0 19. Rac1 b5 20. Rc6 Rfd8 21. h3 Ne7 22. Rcc1 Bd5 23. Rfe1 Nc6 24. Be3 Na5 25. Nd2 Nb3 26. Nxb3 Bxb3 27. f3 Re8 28. Bf4 d5 29. Kf2 g5 30. Be5 Nd7 31. Bg3 Nb6 32. Rc7 Rxe1 33. Kxe1 Na4 34. Bf5 Nxb2 35. Rc8+ Rxc8 36. Bxc8 a5 37. Bc7 a4 38. Bd6 Bc4 39. Kf2 b4 40. axb4 a3 41. b5 a2 42. b6 a1Q 43. b7 Nd3+ 44. Kg3 Qb2 45. b8Q Qxb8 46. Bxb8 Kg7 47. h4 f6 48. hxg5 hxg5 49. Kg4 Ne1 50. Kg3 Nc2 51. Ba7 Kg6 52. f4 Ne3 53. Bb8 gxf4+ 54. Bxf4 Nc2 55. Kf2 Nxd4 56. g4 1/2-1/2

[Event "Lleida Province-chB"]
[Site "Lleida"]
[Date "2011.10.16"]
[Round "3"]
[White "Cardona Marin, Wilson"]
[Black "Ros Monfa, Norberto"]
[Result "1/2-1/2"]
[WhiteElo "1876"]
[BlackElo "1543"]
[PlyCount "93"]
[EventDate "2011.10.09"]
[EventType "swiss"]
[EventRounds "9"]
[EventCountry "ESP"]
[SourceTitle "EXT 2017"]
[Source "ChessBase"]
[SourceDate "2016.10.25"]
[SourceVersion "1"]
[SourceVersionDate "2016.10.25"]
[SourceQuality "1"]

1. e4 c5 2. c3 e6 3. Nf3 d5 4. e5 Nc6 5. d4 h6 6. Bd3 a6 7. a4 c4 8. Bc2 Nge7 9. b3 cxb3 10. Bxb3 Na5 11. Bc2 Nec6 12. Nbd2 Qc7 13. Qe2 Bd7 14. 0-0 Rc8 15. Bd3 Be7 16. Ba3 0-0 17. Rfc1 Bxa3 18. Rxa3 Qb6 19. Rb1 Qa7 20. Nb3 Nxb3 21. Raxb3 Na5 22. Ra3 Rc7 23. Bc2 Rfc8 24. Qd3 g6 25. Nh4 Be8 26. Rb4 Nc6 27. Rb1 Nxd4 28. Qe3 Rxc3 29. Rxc3 Rxc3 30. Bd3 Qc5 31. Rxb7 Rc1+ 32. Bf1 Qc4 33. h3 Rxf1+ 34. Kh2 Nf5 35. Nxf5 exf5 36. Rb8 Qc6 37. Rb6 Qc1 38. Qf3 Qc5 39. Rb8 Kf8 40. Qf4 Qc1 41. Qb4+ Kg7 42. Rxe8 Rh1+ 43. Kg3 Qg5+ 44. Kf3 Qh5+ 45. Kg3 Qg5+ 46. Kf3 Qh5+ 47. Kg3 1/2-1/2